DEVELOPMENT OF EDUCATION SYSTEM IN INDIA (Record no. 12319)

MARC details
000 -LEADER
fixed length control field 00313nam a22001337a 4500
003 - CONTROL NUMBER IDENTIFIER
control field SGT
082 ## - DEWEY DECIMAL CLASSIFICATION NUMBER
Classification number 370
Item number D14T
100 ## - MAIN ENTRY--PERSONAL NAME
Personal name THAKUR, DR. J.K.
245 ## - TITLE STATEMENT
Title DEVELOPMENT OF EDUCATION SYSTEM IN INDIA
260 ## - PUBLICATION, DISTRIBUTION, ETC. (IMPRINT)
Place of publication, distribution, etc NEW DELHI
Name of publisher, distributor, etc KHEL SAHITYA KENDRA
Year of Publication 2014
300 ## - PAGE DESCRIPTION
No. of Pages 305
650 ## - SUBJECT ADDED ENTRY--TOPICAL TERM
Topical term or geographic name as entry element EDUCATION
942 ## - ADDED ENTRY ELEMENTS (KOHA)
Source of classification or shelving scheme Dewey Decimal Classification
Koha item type Books
942 ## - ADDED ENTRY ELEMENTS (KOHA)
-- 2
Holdings
Withdrawn status Lost status Source of classification or shelving scheme Damaged status Not for loan Collection code Home library Current library Shelving location Date acquired Vendor Name Cost, normal purchase price SGTU Bill Number Full call number Accession No. (Barcode) Date last seen Bill Date Koha item type Total Checkouts Date last borrowed
    Dewey Decimal Classification     EDUCATION SGT Engineering Library SGT Engineering Library Text Book 10/07/2017 INDIAN PUB 350.00 SGTU 101/102 370 D14T ED2485 10/07/2017 22/11/2016 Books    
    Dewey Decimal Classification     EDUCATION SGT Engineering Library SGT Engineering Library Text Book 10/07/2017 INDIAN PUB 350.00 SGTU 101/102 370 D14T ED2486 01/12/2022 22/11/2016 Books 3 04/10/2022